Miasta w Polsce zakończone na -zdrój na mapie - Statystyki

Ogólne statystyki
  • Ten quiz został rozwiązany 3 457 razy
  • Średni wynik to 6 z 15
Odpowiedzi na mapie
Odpowiedzi zakodowano w zielono-czerwonej skali na mapie do tego quizu, zgodnie z poniższymi procentami.
 
Statystyki odpowiedzi
Województwo Miasto % Poprawnych
Śląskie Jastrzębie-Zdrój
65%
Małopolskie Krynica-Zdrój
63%
Świętokrzyskie Busko-Zdrój
59%
Dolnośląskie Kudowa-Zdrój
58%
Małopolskie Rabka-Zdrój
47%
Dolnośląskie Lądek-Zdrój
46%
Dolnośląskie Polanica-Zdrój
39%
Dolnośląskie Duszniki-Zdrój
34%
Dolnośląskie Świeradów-Zdrój
33%
Podkarpackie Iwonicz-Zdrój
29%
Małopolskie Piwniczna-Zdrój
27%
Zachodniopomorskie Połczyn-Zdrój
26%
Dolnośląskie Szczawno-Zdrój
21%
Dolnośląskie Jedlina-Zdrój
19%
Zachodniopomorskie Trzcińsko-Zdrój
14%
Nie znaleziono quizów pasujących do podanych kryteriów
Rozkład punktacji
Procent ludzi z każdym wynikiem
Percentyl według liczby udzielonych odpowiedzi
Twoja historia wyników
Nie rozwiązałeś tego quizu